| 000 | 02636cam a22003734a 4500 | ||
|---|---|---|---|
| 001 | 16408344 | ||
| 005 | 20140903140605.0 | ||
| 008 | 100813s2010 njua 001 0 eng | ||
| 010 | _a 2010034715 | ||
| 015 |
_aGBB086152 _2bnb |
||
| 016 | 7 |
_a015605711 _2Uk |
|
| 020 | _a9780470596333 (hardback) | ||
| 020 | _a0470596333 (hardback) | ||
| 035 | _a(OCoLC)ocn659412968 | ||
| 040 |
_aDLC _cDLC _dC#P _dYDXCP _dUKM _dBTCTA _dBWX _dCDX _dDLC |
||
| 042 | _apcc | ||
| 050 | 0 | 0 |
_aHB 3722 _b.S486 2010 |
| 082 | 0 | 0 | _a332.6 |
| 100 | 1 |
_aShaffer, Daniel S., _d1961- |
|
| 245 | 1 | 0 |
_aProfiting in economic storms : _ba historic guide to surviving depression, deflation, hyperinflation, and market bubbles / _cDaniel S. Shaffer. |
| 260 |
_aHoboken, N.J. : _bWiley, _cc2010. |
||
| 300 |
_axvii, 215 p. : _bill. ; 24 cm. |
||
| 504 | _aIncludes index. | ||
| 520 | _a"A look at lessons of the past that could help secure profits in an uncertain economic future In this era of unprecedented economic disruption, author Dan Shaffer warns investors and traders to be skeptical of the day-to-day pronouncements of the media and financial pundits, and instead look to the lessons of history and long-term economic cycles to inform their financial decisions. To successfully navigate today's economic storms, he asserts, investors need to break free of crowd psychology and think for themselves. Shaffer believes that the study of past financial crises provides the surest guide to assessing the current environment, and with this reliable resource he shows you exactly how to make the most of your time in today's markets with this effective approach. Offers timely advice on surviving depressions, deflation, hyperinflation, and market bubbles Compares our current economic and political situation with past financial crises and the rise and fall of other civilizations Online tools associated with the book include a variety of personal finance and investment calculators By understanding the "big picture," and refusing to be manipulated, you can better protect your assets and move in and out of trends to make big profits. This book will show you what it takes to make these moves, and excel in today's uncertain economic environment."-- | ||
| 521 | _aBSBA | ||
| 650 | 0 | _aFinancial crises. | |
| 650 | 0 | _aEconomic stabilization. | |
| 650 | 0 | _aDeflation (Finance) | |
| 650 | 0 | _aInflation (Finance) | |
| 856 | 4 | 2 |
_3Cover image _uhttp://catalogimages.wiley.com/images/db/jimages/9780470596333.jpg |
| 906 |
_a7 _bcbc _corignew _d1 _eecip _f20 _gy-gencatlg |
||
| 942 |
_2lcc _cBK _kFOR |
||
| 999 |
_c275382 _d275382 |
||